000 01164nam0a2200313 4500
001 RU\NLR\BIBL_A\010217749
005 20250613225342.0
010 _a978-5-7534-1381-9
_91500
021 _aRU
_b2013-101445
_97047
035 _a(NLR Aleph) 010217749
090 _a10306954
_c10306954
100 _a20140313d2013 |||y0rusy50 ca
101 0 _aoss
102 _aRU
105 _aa||||||||||||
200 1 _aИрон æвзæг
_eахуыргæнæн чиныг 7 кълас
_fГæбæраты Никъала
205 _a9-е изд.
210 _aДзæуджыхъæу
_cИр
_d2013
215 _a118,[1] с.
_cил.
_d20
333 _aПродаже не подлежит
541 1 _6z01790
_aОсетинский язык
_e7 кл.
_zrus
606 1 _aОсетинский язык
_jУчебные издания для средней школы
_9941437
_3RU\NLR\auth\6629742
686 1 _aШ152.323-922
700 1 _aГæбæраты
_bН.
_gНикъала
_4070
790 1 _6z01541
_aГабараев
_bН.Я.
_gНиколай Ясонович
_4070
852 _aNLR
_bОНЛ
_jОсет./2-2417
942 _cBOOK
980 _aNB